The elements of statistical learning : Data mining, inference, and prediction
Gorde:
| Egile nagusia: | |
|---|---|
| Formatua: | Sách |
| Hizkuntza: | Undetermined |
| Argitaratua: |
Springer
2009
|
| Gaiak: | |
| Etiketak: |
Etiketa erantsi
Etiketarik gabe, Izan zaitez lehena erregistro honi etiketa jartzen!
|
| Thư viện lưu trữ: | Trung tâm Thư viện - Trường Đại học Công nghiệp TP. Hồ Chí Minh |
|---|
| LEADER | 00538nam a2200157Ia 4500 | ||
|---|---|---|---|
| 001 | UIH_06455 | ||
| 008 | 231011s9999 xx 000 0 und d | ||
| 082 | |a 006.31 | ||
| 100 | |a Hastie, Trevor | ||
| 245 | 0 | |a The elements of statistical learning : Data mining, inference, and prediction | |
| 245 | 0 | |c Hastie, Trevor | |
| 260 | |b Springer | ||
| 260 | |c 2009 | ||
| 650 | |a Khai thác dữ liệu; Thống kê; | ||
| 927 | |a Sách | ||
| 980 | |a Trung tâm Thư viện - Trường Đại học Công nghiệp TP. Hồ Chí Minh | ||